000 00474nab a2200145Ia 4500
003 ES-SlBCS
005 20210601124324.0
008 140529s1993 xxu||||| |||| 00| 0 eng d
041 _aeng
100 1 _aFoster, Michèle
_9139711
245 0 0 _aSavage Inequalities: Where Have We Come From? Where Are We Going?
_c Michèle Foster
650 0 4 _aNiños Negros-Niños Blancos
_9139712
773 0 _tEducational Theory
_gvol. 43, nº. 1, 1993, págs. 23-32
_wRev1399
942 _cAR
999 _c512921
_d512921